|
|
|
|
| LEADER |
01290nam a2200277 a 4500 |
| 001 |
00023722 |
| 003 |
BD-DhAAL |
| 005 |
20230705141644.0 |
| 008 |
111017s2006 bg a b 000 0dbeno |
| 020 |
|
|
|a 9847590168
|
| 040 |
|
|
|a BD-DhAAL
|c BD-DhAAL
|d BD-DhAAL
|
| 041 |
|
|
|a ben
|
| 043 |
|
|
|a a-bg---
|
| 082 |
0 |
0 |
|a 181.07
|2 22
|
| 245 |
1 |
0 |
|a ইসলামী চিন্তার পু্র্নপঠন :
|b সমকালীন মুসলমান বুদ্ধিজীবীদের সংগ্রাম,
|n প্রথম খণ্ড /
|c সংকলন ও অনুবাদ; রেহনুমা আহমেদ.
|
| 260 |
|
|
|a ঢাকা :
|b একুশে পাবলিকেশন্স লিমিটেড,
|c ২০০৬.
|
| 300 |
|
|
|a ৪৬৪ পৃষ্ঠা :
|b চিত্র ;
|c ২৩ সে.মি.
|
| 541 |
|
|
|e 00023722
|
| 546 |
|
|
|a In Bengali.
|
| 650 |
|
0 |
|a Islamic philosophy.
|
| 650 |
|
0 |
|a Islam
|x History.
|
| 700 |
1 |
|
|a আহমেদ, রেহনুমা.
|9 54930
|
| 852 |
1 |
|
|a Ayesha Abed Library
|c General Shelf.
|
| 942 |
|
|
|2 ddc
|c BK
|
| 999 |
|
|
|c 11346
|d 11346
|
| 952 |
|
|
|0 0
|1 0
|2 ddc
|4 0
|6 181_070000000000000_ISL
|7 0
|9 18435
|a BIGD
|b BIGD
|c GEN
|d 2023-07-05
|e BDI
|g 375.00
|l 0
|o 181.07 ISL
|p 3050023722
|r 2011-10-18
|t 1
|v 375.00
|y BK
|x Transferred from BDI to BIGD.
|